000 01157nam a22002894a 4500
001 468
003 OSt
005 20250902073729.0
008 250902b |||||||| |||| 00| 0 eng d
020 _a8521505299
040 _bpor
041 _hpor
082 0 4 _a028.5
_bA283d
100 1 _aAguiar, Luiz Antonio,
_d1955-
_91007
245 1 2 _aO dundum que caiu do céu /
_cLuiz Antonio Aguiar ; ilustrações de Gerson Conforto & Anna Marz
260 _aRio de Janeiro :
_bAo Livro Técnico,
_c1990.
300 _a38p. :
_bil. ;
520 _a"O Dundum que caiu do céu" narra a encantadora história de Zezé, um garoto que encontra uma criatura inusitada em seu quintal. O ser, que parece ter caído do céu, é carinhosamente apelidado de Dundum. A trama se desenrola a partir da amizade entre o menino e a criatura, que é ao mesmo tempo mágica e misteriosa.
650 0 _aLiteratura Brasileira
_9205
650 0 _aInfantojuvenil
_9200
650 0 _aSeres mágicos
_946
655 0 _aRomance
_923
655 0 _aFicção
_922
700 1 _aConforti, Gerson,
_d1941-
_91008
_eIlustrador
700 1 _aMarz, Anna.
_91009
_eilustradora
942 _2ddc
_n0
_cBK
999 _c468
_d468